00696nai a2200169Ia 4500003000900000008004100009022002200050022002300072040001600095245008500111260008600196310001300282362003200295521006900327650003900396856009100435IN-BaIIA211028c9999 xx s 000 0 eng d a0277-626X (Print) a2162-0679 (Online) cIIA Library 0aTransactions of the IRE Professional Group on Ultrasonic Engineeringh[eJournal] aNew York, USAbThe Institute of Electrical and Electronics Engineers, Inc. (IEEE) aAnnually aPGUE-1; 1954 - PGUE-2; 1954 bSubscribed through National Knowledge Resource Consortium (NKRC) aFields, Waves and Electromagnetics uhttps://ieeexplore.ieee.org/servlet/opac?punumber=10323yClick Here to Access eJournal